Southville International School and Colleges
Your cart is empty.
  • Cart
  • Lists
    Public lists Eva Luna New books Lux_list list_1
    Your lists Log in to create your own lists
  • Log in to your account
  • Your cookies
  • Search history
Southville International School and Colleges
  • Advanced search
  • Recent comments
  • Most popular
  • Libraries

Log in to your account

Log in with GOOGLE


If you do not have an external account, but do have a local account, you can still log in:

  1. Home
  2. MARC view: The rumor :
Normal view MARC view ISBD view

The rumor : (Record no. 366649)

[ view plain ]
MARC details
000 -LEADER
fixed length control field 01329nam a22001937a 4500
003 - CONTROL NUMBER IDENTIFIER
control field 0
005 - DATE AND TIME OF LATEST TRANSACTION
control field 20241029094811.0
008 - FIXED-LENGTH DATA ELEMENTS--GENERAL INFORMATION
fixed length control field 241029b xxu||||| |||| 00| 0 eng d
020 ## - INTERNATIONAL STANDARD BOOK NUMBER
International Standard Book Number 9781984819345
050 ## - LIBRARY OF CONGRESS CALL NUMBER
Classification number PR 6111
Item number .K18 2018
100 ## - MAIN ENTRY--PERSONAL NAME
Personal name Kara, Lesley,
Relator term author.
245 ## - TITLE STATEMENT
Title The rumor :
Remainder of title a novel /
Statement of responsibility, etc Lesley Kara.
260 ## - PUBLICATION, DISTRIBUTION, ETC. (IMPRINT)
Place of publication, distribution, etc New York, NY :
Name of publisher, distributor, etc Ballantine Books,
Date of publication, distribution, etc 2018.
300 ## - PHYSICAL DESCRIPTION
Extent 321 p. ;
Dimensions 21 cm.
520 ## - SUMMARY, ETC.
Summary, etc "When a single mother hears a rumor outside her son's school, she never intends to pass it on. But one casual comment leads to another . . . and now there's no going back. Rumor has it that a notorious killer, a woman who has been released from prison years after her brutal crime, is living under a new identity in Joanna's seaside town. So who is the supposedly reformed murderer now living in their neighborhood? Suspicion falls on everyone. As Joanna becomes obsessed with the case, her curiosity will expose her son and his father to a heartless psychopath who has killed--and may kill again. And she will learn how dangerous one rumor can become . . . and just how far she must go to protect those she loves from harm. She is going to regret the day she ever said a word . . . "--Provided by publisher.
650 ## - SUBJECT ADDED ENTRY--TOPICAL TERM
Topical term or geographic name as entry element Suspense
Form subdivision Fiction.
650 ## - SUBJECT ADDED ENTRY--TOPICAL TERM
Topical term or geographic name as entry element Contemporary Women
Form subdivision Fiction.
942 ## - ADDED ENTRY ELEMENTS (KOHA)
Source of classification or shelving scheme Library of Congress Classification
Koha item type Books
Holdings
Withdrawn status Lost status Source of classification or shelving scheme Damaged status Home library Current library Shelving location Date acquired Source of acquisition Sub Shelving location Total Checkouts Full call number Barcode Date last seen Date checked out Price effective from Koha item type
    Library of Congress Classification   Luxembourg Library Luxembourg Library Fiction Section 10/18/2024 Donation   1 PR 6111 .K18 2018 21297 11/05/2025 10/27/2025 10/29/2024 Books

The rumor :

APA

Kara L., . (2018). The rumor. New York, NY: Ballantine Books.

Chicago

Kara Lesley, . 2018. The rumor. New York, NY: Ballantine Books.

Harvard

Kara L., . (2018). The rumor. New York, NY: Ballantine Books.

MLA

Kara Lesley, . The rumor. New York, NY: Ballantine Books. 2018.

  • Place hold
  • Print
  • Cite
  • Add to your cart (remove)
  • Save record
    BIBTEX Dublin Core MARCXML MARC (non-Unicode/MARC-8) MARC (Unicode/UTF-8) MARC (Unicode/UTF-8, Standard) MODS (XML) RIS
  • More searches
    Search for this title in:
    Other Libraries (WorldCat) Other Databases (Google Scholar) Online Stores (Bookfinder.com) Open Library (openlibrary.org)

Exporting to Dublin Core...

SOUTHVILLE LIBRARY

Southville International School and Colleges Library

1281 Tropical Ave. Cor. Luxembourg St., BF Homes International, Las Pinas City

Tel. No. 8256374 / 252358 Loc. 117/146

Powered by Koha